Estadísticas para Clubes historia de LaLiga

Haz click aquí para intentar la prueba.

Estadísticas generales

  • Esta prueba ha sido intentada 407 veces
  • La puntuación promedio es 38 de 63

Estadísticas de respuestas

ClubesTemporadas% Correcto
Barcelona91
100%
Real Madrid91
99%
Atlético de Madrid85
94%
Real Betis Balompié56
94%
Sevilla78
94%
Valencia87
94%
Real Sociedad75
89%
Deportivo de La Coruña46
87%
Espanyol86
86%
Celta de Vigo56
85%
Villarreal22
84%
Cádiz CF14
83%
Athletic Club91
81%
CD Málaga20
81%
Getafe17
81%
Girona FC2
81%
Málaga CF17
81%
Rayo Vallecano19
81%
Real Club Deportivo Mallorca29
80%
Granada CF26
79%
Osasuna40
78%
Agrupación Deportiva Almería2
77%
UD Las Palmas34
77%
Unión Deportiva Almería6
77%
Levante16
75%
Real Sporting de Gijón42
75%
Racing de Santander44
73%
Real Oviedo38
73%
Elche23
71%
Tenerife13
69%
SD Huesca2
68%
SD Eibar7
67%
CD Leganés4
66%
Real Zaragoza58
64%
Córdoba CF9
62%
Real Valladolid45
62%
Recreativo de Huelva5
60%
Albacete Balompié7
59%
Deportivo Alavés17
56%
Hércules20
52%
Real Murcia18
51%
Castellón11
48%
Unión Deportiva Salamanca12
48%
Real Burgos3
47%
Burgos CF6
45%
UE Lleida2
43%
Numancia4
40%
Xerez CD1
39%
Logroñés9
37%
Extremadura2
36%
Cultural Leonesa1
33%
Pontevedra6
33%
CP Mérida2
32%
SD Compostela4
32%
CE Europa3
31%
Sabadell14
30%
Gimnàstic de Tarragona4
25%
Alcoyano4
24%
Real Jaén3
22%
Atlético Tetuán1
17%
Arenas Club7
13%
Real Unión Club4
13%
CD Condal1
10%

Distribución de puntuación

Porcentaje por número respondido

Porcentaje de gente con cada puntuación

Historial de tus puntuaciones

No has intentado esta prueba.